|
|
|
|
| LEADER |
00000cam a2200000 7i4500 |
| 001 |
0000002864 |
| 005 |
20040127.0 |
| 090 |
0 |
0 |
|a JPSM634.9562
|b MAL 1998
|
| 110 |
1 |
0 |
|a MALAYSIA
|c Jabatan Perhutanan Semenanjung Malaysia
|
| 245 |
1 |
0 |
|a Manual pengurusan tapak semaian spesies pokok hutan di Semenanjung Malaysia
|
| 260 |
0 |
0 |
|a Kuala Lumpur :
|b Jabatan Perhutanan Semenanjung Malaysia ,
|c 1998
|
| 300 |
|
|
|a viii, 37 p. :
|b col. ill. ;
|c 30 cm.
|
| 650 |
0 |
0 |
|a Forest nurseries
|z Peninsular Malaysia
|x Handbooks, manuals, etc.
|
| 650 |
0 |
0 |
|a Forests and forestry
|z Peninsular Malaysia
|
| 998 |
|
|
|a JPSM
|
| 999 |
|
|
|a 0000004893
|b Monograph
|c Open Shelf
|e Default branch
|
| 999 |
|
|
|a 0000004894
|b Monograph
|c Open Shelf
|e Default branch
|
| 999 |
|
|
|a 0000004895
|b Monograph
|c Open Shelf
|e Default branch
|